Wer sagte was? Die Simpsons - Statistiken

Allgemein
  • Dieses Quiz wurde 445 mal gespielt
  • Das Durchschnittsergebnis liegt bei 6 aus 12
Antwortstatistiken
Frage Antwort % Korrekt
"Hallo... ich bin [ Name]. Sie kennen mich vielleicht noch aus Filmen wie..." Troy McClure
84%
Ich bin so klug! K L U K ! ... ich meine ... K L U G ! Homer Simpson
80%
Mutters Halskrause war im Reißverschluss eingeklemmt. Ich musste sie die ganze Nacht mit Küsschen besänftigen, aber keine Sorge, ich hab dir gekaufte Äpfel besorgt Seymour Skinner
74%
"Oh, das Internet gibt's jetzt auch schon für Computer!" Homer Simpson
70%
"Hallo Supernintendo Chalmers." Ralph Wiggum
60%
"Mrs. Simpson hat mich schwul gemacht" Rod Flanders
41%
"Bonjour, ihr käsefressenden Kapitulationsaffen!" Hausmeister Willie
38%
Wer ist das?", "..." : "Das ist Homer Simpson, Sir. Monty Burns
38%
Hier riecht jemand ganz schön stinkig. Oh das bin ja ich! Barney Gumble
29%
Wer hätte ahnen können, dass ein Wal so schwer sein kann? Moe Szyslak
22%
Reiß dich zusammen und besauf dich mit uns! Carl Carlson
13%
Wer sagte zu Chief Wiggum "Der letzte Fall, dem Sie auf den Grund gegangen sind, war die Tüte mit Schokoriegeln!" Ned Flanders
13%
Keine übereinstimmenden Quizze gefunden
Verteilung der Resultate
Anzahl Personen mit jedem Resultat
Perzentil nach korrekt beantworteten Fragen
Ihre Resultats-Entwicklung
Sie haben dieses Quiz noch nicht gespielt